skbl

Dr Suryya Kumar Bhuyan Library Web-OPAC
ডঃ সূৰ্য্য
কুমাৰ ভূঞা পুথিভঁৰাল ৱেব-অ'পেক

All Research Scholars are advised to clear the annual library fees to continue using Library Resources, Remote Access, Plagiarism Test and Library Clearance.

Cotton University Book Fair 2026

The Cambridge Modern History / (Record no. 46558)

MARC details
000 -LEADER
fixed length control field 01076nam a2200445Ia 4500
001 - CONTROL NUMBER
control field 46593
005 - DATE AND TIME OF LATEST TRANSACTION
control field 20240114003758.0
007 - PHYSICAL DESCRIPTION FIXED FIELD--GENERAL INFORMATION
fixed length control field ta
008 - FIXED-LENGTH DATA ELEMENTS--GENERAL INFORMATION
fixed length control field 090402s1912 g b000 u 465 u
040 ## - CATALOGING SOURCE
Original cataloging agency Cotton College,Assam
041 ## - LANGUAGE CODE
Language code of text/sound track or separate title 465
082 ## - DEWEY DECIMAL CLASSIFICATION NUMBER
Classification number 940
Item number W 21 C
100 ## - MAIN ENTRY--PERSONAL NAME
Personal name Ward, A W .
245 #0 - TITLE STATEMENT
Title The Cambridge Modern History /
Statement of responsibility, etc. A W Ward,G W Prothero,Staley Leathes.
Medium Textual Documents
250 ## - EDITION STATEMENT
Edition statement 1st ed /
260 ## - PUBLICATION, DISTRIBUTION, ETC.
Place of publication, distribution, etc. Cambridge :
Name of publisher, distributor, etc. At The University Press ,
Date of publication, distribution, etc. 1912.
300 ## - PHYSICAL DESCRIPTION
Extent xxvii,945 p ;
Dimensions 23 cm.
362 ## - DATES OF PUBLICATION AND/OR SEQUENTIAL DESIGNATION
Dates of publication and/or sequential designation Vol IX-
653 ## - INDEX TERM--UNCONTROLLED
Uncontrolled term T/G-History
653 ## - INDEX TERM--UNCONTROLLED
Uncontrolled term Cambridge History
700 ## - ADDED ENTRY--PERSONAL NAME
Personal name Prothero, G W .
700 ## - ADDED ENTRY--PERSONAL NAME
Personal name Leathes, Stanley .
942 ## - ADDED ENTRY ELEMENTS (KOHA)
Source of classification or shelving scheme Dewey Decimal Classification
Koha item type Books
Holdings
Withdrawn status Lost status Damaged status Not for loan Collection Home library Current library Date acquired Coded location qualifier Total checkouts Full call number Barcode Date last seen Copy number Price effective from Koha item type
          Dr. Suryya Kumar Bhuyan Library Dr. Suryya Kumar Bhuyan Library 01/02/2012 00000   940 W 21 C 946.335 14/01/2024 8 01/02/2012 Books
          Dr. Suryya Kumar Bhuyan Library Dr. Suryya Kumar Bhuyan Library 01/02/2012 00000   940 W 21 C 212/Old 14/01/2024 15 01/02/2012 Books
          Dr. Suryya Kumar Bhuyan Library Dr. Suryya Kumar Bhuyan Library 01/02/2012 00000   940 W 21 C 4235/New 14/01/2024 12 01/02/2012 Books
          Dr. Suryya Kumar Bhuyan Library Dr. Suryya Kumar Bhuyan Library 01/02/2012 00000   940 W 21 C 4769/New 14/01/2024 14 01/02/2012 Books
          Dr. Suryya Kumar Bhuyan Library Dr. Suryya Kumar Bhuyan Library 01/02/2012 00000   940 W 21 C 50/Old 14/01/2024 13 01/02/2012 Books
          Dr. Suryya Kumar Bhuyan Library Dr. Suryya Kumar Bhuyan Library 01/02/2012 00000   940 W 21 C 546.29 14/01/2024 2 01/02/2012 Books
          Dr. Suryya Kumar Bhuyan Library Dr. Suryya Kumar Bhuyan Library 01/02/2012 00000   940 W 21 C 546.30 14/01/2024 11 01/02/2012 Books
          Dr. Suryya Kumar Bhuyan Library Dr. Suryya Kumar Bhuyan Library 01/02/2012 00000   940 W 21 C 546.339 14/01/2024 1 01/02/2012 Books
          Dr. Suryya Kumar Bhuyan Library Dr. Suryya Kumar Bhuyan Library 01/02/2012 00000   940 W 21 C 546.341 14/01/2024 7 01/02/2012 Books
          Dr. Suryya Kumar Bhuyan Library Dr. Suryya Kumar Bhuyan Library 01/02/2012 00000   940 W 21 C 546.342 14/01/2024 6 01/02/2012 Books
          Dr. Suryya Kumar Bhuyan Library Dr. Suryya Kumar Bhuyan Library 01/02/2012 00000   940 W 21 C 66546 14/01/2024 3 01/02/2012 Books
          Dr. Suryya Kumar Bhuyan Library Dr. Suryya Kumar Bhuyan Library 01/02/2012 00000   940 W 21 C 66555 14/01/2024 4 01/02/2012 Books
          Dr. Suryya Kumar Bhuyan Library Dr. Suryya Kumar Bhuyan Library 01/02/2012 00000   940 W 21 C 66556 14/01/2024 9 01/02/2012 Books
          Dr. Suryya Kumar Bhuyan Library Dr. Suryya Kumar Bhuyan Library 01/02/2012 00000   940 W 21 C 66558 14/01/2024 10 01/02/2012 Books
          Dr. Suryya Kumar Bhuyan Library Dr. Suryya Kumar Bhuyan Library 01/02/2012 00000   940 W 21 C 66567 14/01/2024 5 01/02/2012 Books

Designed and Maintained by Team SKBL
©1901-2026

Powered by Koha